الأداء التشريعي والرقابي للبرلمان في مصر ودوره في التطور الديموقراطي (دراسة مقارنة) / (Record no. 70281)
[ view plain ]
| 000 -LEADER | |
|---|---|
| fixed length control field | 03529nam a2200421 i 4500 |
| 003 - CONTROL NUMBER IDENTIFIER | |
| control field | EG-GICUC |
| 005 - أخر تعامل مع التسجيلة | |
| control field | 20260412154131.0 |
| 008 - FIXED-LENGTH DATA ELEMENTS--GENERAL INFORMATION | |
| fixed length control field | 260412s2025 ua |||f m||| 00| 0 ara d |
| 040 ## - CATALOGING SOURCE | |
| Original cataloguing agency | EG-GICUC |
| Transcribing agency | EG-GICUC |
| Modifying agency | EG-GICUC |
| Description conventions | rda |
| Language of cataloging: | ara |
| 041 0# - LANGUAGE CODE | |
| Language code of text/sound track or separate title | ara |
| Language code of summary or abstract | ara |
| Language code of sung or spoken text | ara |
| 049 ## - Acquisition Source | |
| Acquisition Source | إهداء |
| 082 04 - DEWEY DECIMAL CLASSIFICATION NUMBER | |
| Classification number | 342.31 |
| Edition number | 21 |
| 097 ## - Degree | |
| Degree | Ph.D |
| 099 ## - LOCAL FREE-TEXT CALL NUMBER (OCLC) | |
| Local Call Number | Law 08 PHD 2025 |
| 100 0# - MAIN ENTRY--PERSONAL NAME | |
| Authority record control number or standard number | محمد مختار أحمد محمد الشقيري |
| Preparation | مؤلف. |
| 245 10 - TITLE STATEMENT | |
| Title | الأداء التشريعي والرقابي للبرلمان في مصر ودوره في التطور الديموقراطي (دراسة مقارنة) / |
| Statement of responsibility, etc. | إعداد محمد مختار أحمد محمد الشقيري؛ إشراف الأستاذ الدكتور جابر جاد نصار. |
| 264 #0 - PRODUCTION, PUBLICATION, DISTRIBUTION, MANUFACTURE, AND COPYRIGHT NOTICE | |
| Place of production, publication, distribution, manufacture | القاهرة: |
| Name of producer, publisher, distributor, manufacturer | كلية الحقوق- جامعة القاهرة، |
| Date of production, publication, distribution, manufacture, or copyright notice | 2025. |
| 300 ## - PHYSICAL DESCRIPTION | |
| Extent | 445 صفحة؛ |
| Dimensions | 25 سم. |
| 336 ## - CONTENT TYPE | |
| Content type term | text |
| Source | rda content |
| 337 ## - MEDIA TYPE | |
| Media type term | Computer |
| Source | rda media |
| 338 ## - CARRIER TYPE | |
| Carrier type term | Online Resource |
| Source | rda carrier |
| 502 ## - DISSERTATION NOTE | |
| Dissertation note | أطروحة (دكتوراة)- جامعة القاهرة، كلية الحقوق، قسم القانون الدستوري، 2025. |
| 504 ## - BIBLIOGRAPHY, ETC. NOTE | |
| Bibliography, etc. note | ببليوجرافيا: صفحات 420-441 |
| 520 3# - SUMMARY, ETC. | |
| Summary, etc. | تكتسب هذه الدراسة أهميتها من مكانة البرلمان الذي يحتل مكانا بارزا ومتميزا في الدولة الديمقراطية الحديثة. ومن أهمية الدور الذي يقوم به البرلمان سواء في مجال من القوانين أو الرقابة على أعمال الحكومة، كما أنه يلعب دورا محوريا في إطار التحولات الديمقراطية والسياسية والتعددية الحزبية، فلا يمكن تحقيق الديمقراطية بلا برلمان، بل التقدم نحو الحكم الديمقراطي يعتمد على برلمان قوي. ويعطي هذا البحث مؤشرات ونتائج حول الأداء التشريعي والرقابي للبرلمان ودوره في عملية التحول الديمقراطي، فضلا عن مختلف العوامل التي تؤدي إلى إضعاف البرلمان، وتساعد على اكتشاف المعوقات على مستوي النص القانوني وعلى مستوي الممارسة، ومن المؤمل أن تعمل هذه الرسالة على إيجاد الحلول المناسبة لتلافي وإصلاح العيوب وأوجه القصور والأثار الناجمة عنها أو التخفيف منها. |
| 546 ## - LANGUAGE NOTE | |
| Text Language | النص بالعربية والملخص باللغة الإنجليزية والعربية. |
| 650 04 - SUBJECT ADDED ENTRY--TOPICAL TERM | |
| Topical term or geographic name entry element | القانون الدستوري |
| 653 #0 - INDEX TERM--UNCONTROLLED | |
| Uncontrolled term | اكتشاف المعوقات على مستوي النص القانوني |
| 653 #0 - INDEX TERM--UNCONTROLLED | |
| Uncontrolled term | الأداء التشريعي والرقابي للبرلمان |
| 653 #0 - INDEX TERM--UNCONTROLLED | |
| Uncontrolled term | التحولات الديمقراطية والسياسية والتعددية الحزبية |
| 653 #0 - INDEX TERM--UNCONTROLLED | |
| Uncontrolled term | مجال من القوانين أو الرقابة على أعمال الحكومة |
| 655 #4 - INDEX TERM--GENRE/FORM | |
| Genre/form data or focus term | رسائل جامعية |
| Geographic subdivision | جامعة القاهرة |
| General subdivision | القانون الدستوري |
| 700 0# - ADDED ENTRY--PERSONAL NAME | |
| Personal name | جابر جاد نصار |
| Relator term | مشرف. |
| 710 2# - ADDED ENTRY--CORPORATE NAME | |
| Corporate name or jurisdiction name as entry element | جامعة القاهرة. |
| Subordinate unit | كلية الحقوق |
| 856 ## - ELECTRONIC LOCATION AND ACCESS | |
| Uniform Resource Identifier | <a href="https://fll.law.cu.edu.eg/fulltext/th/T08-01604.pdf">https://fll.law.cu.edu.eg/fulltext/th/T08-01604.pdf</a> |
| 900 ## - Thesis Information | |
| Grant date | 2025 |
| Universities | جامعة القاهرة |
| Faculties | كلية الحقوق |
| Department | قسم القانون الدستوري |
| 905 ## - Cataloger and Reviser Names | |
| Cataloger Name: | Hoda |
| 942 ## - ADDED ENTRY ELEMENTS (KOHA) | |
| Source of classification or shelving scheme | Dewey Decimal Classification |
| Koha item type | Thesis |
| Edition | 21 |
| Suppress in OPAC | No |
| Source of classification or shelving scheme | Collection | Home library | Current library | Date acquired | Full call number | Barcode | Date last seen | Copy number | Effective from | Koha item type |
|---|---|---|---|---|---|---|---|---|---|---|
| Dewey Decimal Classification | القانون الدستوري | جــــامعة القــاهرة | مكتبة كلية الحقوق - المبنى الرئيسي | 12.04.2026 | Law1 08 PHD 2025 0801604 C1 | T08-01604 | 12.04.2026 | 1 | 12.04.2026 | Thesis |
| Dewey Decimal Classification | القانون الدستوري | جــــامعة القــاهرة | مكتبة كلية الحقوق - المبنى الرئيسي | 12.04.2026 | Law1 08 PHD 2025 0801605 C2 | T08-01605 | 12.04.2026 | 2 | 12.04.2026 | Thesis |
| Dewey Decimal Classification | القانون الدستوري | جــــامعة القــاهرة | مكتبة كلية الحقوق - فـرع الشيخ زايد | 12.04.2026 | Law2 08 PHD 2025 0801606 C3 | T08-01606 | 12.04.2026 | 3 | 12.04.2026 | Thesis |